000 00270nam a2200109Ia 4500
008 200302s9999 xx 000 0 und d
100 _aC M.Scalise
245 _aInterior Planning And Design
260 _bThomson Delmart Learning, Canada
260 _c2004
300 _a338
999 _c4725
_d4725